000 01748nam0a2200385 4500
001 RU\NLR\bibl\290076
005 20260405153740.0
021 _aRU
_b2002-14419
_9724
035 _a(NLR Aleph) 000285465
090 _a1671016
_c1671016
100 _a20020723d2002 |||y0rusy50 ca
101 0 _arus
102 _aRU
105 _ay |||||||||
200 1 _aБолезни кроликов
_eУчеб. пособие для студентов вузов по спец "Ветеринария" и "Зоотехния"
_fА. А. Шевченко, Л. В. Шевченко
_gМ-во сел. хоз-ва Рос. Федерации, Кубан. гос. аграр. ун-т
210 _aКраснодар
_cКубГАУ
_d2002
215 _a108 с.
_d20
320 _aБиблиогр.: с. 106
606 0 _aКролики
_jРуководства, пособия и т.п.
_xБолезни
_91354135
_3RU\NLR\auth\66251281
606 0 _aКролики
_jУчебные издания для высшей школы
_xБолезни
_91354135
_3RU\NLR\auth\66251281
610 0 _aКролики - Болезни
675 _a373.167.1:619
_v3
_zrus
675 _a619(075.8)
_v3
_zrus
686 _a14.25
_2rugasnti
686 _a48я73
_2rubbk
686 _aП871.51я73
700 1 _4070
_8rus
_7ca
_aШевченко
_bА. А.
_cд-р вет. наук
_f1950-
_gАлександр Алексеевич
_3RU\NLR\AUTH\7737148
_920137
701 1 _4070
_8rus
_7ca
_aШевченко
_bЛ. В.
_cветеринар
_gЛюдмила Васильевна
_3RU\NLR\auth\7764734
_947663
801 0 _aRU
_bRKP
_c20020723
_gPSBO
801 1 _aRU
_bRKP
_c20020723
801 2 _aRU
_bNLR
_c20080519
_grcr
942 _cBOOK
980 _aNB